[Geometry Dash] Every KrmaL Level - Statistics

General Stats
  • This quiz has been taken 42 times
  • The average score is 10 of 18
Answer Stats
Rating Difficulty Level % Correct
Featured Extreme Demon Black Blizzard
81%
Featured Extreme Demon Heartbeat
75%
Star Rate Extreme Demon Conical Depression
72%
Featured Extreme Demon Falling Up
72%
Star Rate Extreme Demon Low Death
72%
Star Rate Extreme Demon xo
69%
Featured Insane Demon hi
67%
Featured Insane Demon Lit Fuse
56%
Star Rate Hard Hungry Humphrey
53%
Featured Extreme Demon Phobos
50%
Star Rate Hard Don't Rate This Level
44%
Star Rate Insane Demon Invisible Deadlocked
44%
Star Rate Extreme Demon M A N I X
42%
Featured Extreme Demon Elite Z Rebirth
36%
Featured Insane Demon Rearmed
33%
Featured Insane Demon Valor
33%
Featured Harder Alive
28%
Star Rate Hard Demon Steel Gear
25%
No matching quizzes found
Score Distribution
Percent of People with Each Score
Percentile by Number Answered
Your Score History
You have not taken this quiz